000 00428nam a2200181Ia 4500
005 20240823054948.0
008 240823s9999||||xx |||||||||||||| ||und||
041 _aENGLISH
082 _A658.4063 N3
100 _a"Smith,Newille"
245 0 _aManaging for Innovation
250 _a1st
260 _c1993
_b"Viva,New Delhi"
500 _aYES
650 _aManagement
_bManagement Studies
942 _cBK
999 _c227688
_d227688